Global marketview (Record no. 106294)

MARC details
000 -LEADER
fixed length control field 01071cam a2200205 4500
001 - CONTROL NUMBER
control field L136050
008 - FIXED-LENGTH DATA ELEMENTS--GENERAL INFORMATION
fixed length control field 070104n2005 000 0 eng u
035 ## - SYSTEM CONTROL NUMBER
System control number (Sirsi) u136050
041 0# - LANGUAGE CODE
Language code of text/sound track or separate title eng
110 2# - MAIN ENTRY--CORPORATE NAME
Corporate name or jurisdiction name as entry element CB Richard Ellis
9 (RLIN) 3675
245 00 - TITLE STATEMENT
Title Global marketview
Remainder of title year end 2005
260 ## - PUBLICATION, DISTRIBUTION, ETC.
Date of publication, distribution, etc. 2005
490 #0 - SERIES STATEMENT
Series statement Global MarketView
Volume/sequential designation 2005
520 ## - SUMMARY, ETC.
Summary, etc. Discusses commercial real estate trends, including prime office yield and rent, and the availability and vacancy in the office, industrial and retail sectors around the World. Concludes that strong business confidence worldwide is fuelling capital spending, creating jobs and generating demand for office and industrial properties. Includes graphs on global business confidence, global trade, Asian prime office take-up and vacancy, industrial and retail rents, warehouse retail indexes, consumer spending and retail sales.
590 ## - LOCAL NOTE (RLIN)
Local note KA
651 #4 - SUBJECT ADDED ENTRY--GEOGRAPHIC NAME
Geographic name International
690 ## - LOCAL SUBJECT ADDED ENTRY--TOPICAL TERM (OCLC, RLIN)
Topical term or geographic name as entry element PROPERTY-COMMERCIAL PROPERTY
856 40 - ELECTRONIC LOCATION AND ACCESS
Uniform Resource Identifier <a href="https://www.cbre.com/">https://www.cbre.com/</a>
Public note View the item free of charge at www.cbre.com/...
942 ## - ADDED ENTRY ELEMENTS (KOHA)
Suppress in OPAC 0
Holdings
Withdrawn status Lost status Source of classification or shelving scheme Damaged status Not for loan Home library Current library Shelving location Date acquired Total Checkouts Full call number Barcode Date last seen Copy number Price effective from Koha item type
    Dewey Decimal Classification     Virtual Virtual Online 04/01/2007   ONLINE PUBLICATION 136050-2001 06/08/2019 1 06/08/2019 Book